BHARAT'S CYBER LAWS & INFORMATION TECHNOLOGY (Record no. 216263)

MARC details
000 -LEADER
fixed length control field 00459nam a22001457a 4500
008 - FIXED-LENGTH DATA ELEMENTS--GENERAL INFORMATION
fixed length control field 251124b |||||||| |||| 00| 0 eng d
020 ## - INTERNATIONAL STANDARD BOOK NUMBER
International Standard Book Number 978-81-7733-848-5
100 ## - MAIN ENTRY--PERSONAL NAME
Personal name RATTAN, JYOTI
245 ## - TITLE STATEMENT
Title BHARAT'S CYBER LAWS & INFORMATION TECHNOLOGY
260 ## - PUBLICATION, DISTRIBUTION, ETC.
Place of publication, distribution, etc. NEW DELHI
Name of publisher, distributor, etc. BHARAT LAW HOUSE PVT. LTD
Date of publication, distribution, etc. 2012
300 ## - PHYSICAL DESCRIPTION
Extent 610P.
650 ## - SUBJECT ADDED ENTRY
Topical term or geographic name entry element I. INTERNET-LAW AND LEGISLATION. II. COMPUTER CRIMES-LAW AND LEGISLATION
942 ## - ADDED ENTRY ELEMENTS (KOHA)
Source of classification or shelving scheme Library of Congress Classification
Koha item type Long Loan Book
Holdings
Withdrawn status Lost status Source of classification or shelving scheme Damaged status Not for loan Collection Home library Current library Date acquired Inventory number Total checkouts Full call number Barcode Date last seen Copy number Price effective from Koha item type
    Library of Congress Classification     Law Kisii University Library Kisii University Library 11/24/2025 110047   K 7210 .R38 2012 000000001132 11/24/2025 1 11/24/2025 Long Loan Book
    Library of Congress Classification     Law Kisii University Library Kisii University Library 11/24/2025 110048   K 7210 .R38 2012 000000002975 11/24/2025 2 11/24/2025 Long Loan Book